Zu welchem europäischen Land gehört diese Hauptstadt? - Statistiken

Allgemein
  • Dieses Quiz wurde 428 mal gespielt
  • Das Durchschnittsergebnis liegt bei 14 aus 15
Antwortstatistiken
Hint Antwort % Korrekt
Berlin Deutschland
100%
Paris Frankreich
100%
Oslo Norwegen
98%
Wien Österreich
98%
Kopenhagen Dänemark
97%
Madrid Spanien
97%
Helsinki Finnland
96%
Dublin Irland
94%
Kiew Ukraine
94%
Zagreb Kroatien
93%
Minsk Weißrussland
92%
Riga Lettland
91%
Tirana Albanien
84%
Pristina Kosovo
68%
Chisinau Moldawien
67%
Keine übereinstimmenden Quizze gefunden
Verteilung der Resultate
Anzahl Personen mit jedem Resultat
Perzentil nach korrekt beantworteten Fragen
Ihre Resultats-Entwicklung
Sie haben dieses Quiz noch nicht gespielt